000
00202 a2200109 4500
020
_a
978-0-8225-7809-3
041
_a
spa
100
_a
nelson,robin
245
_a
los imanes
942
_c
BK
952
_7
1
999
_c
17925
_d
17925